[Event "Lone Pine"]
[Site "Lone Pine"]
[Date "1975.??.??"]
[Round "2"]
[White "Grefe, John A"]
[Black "Rohde, Michael A"]
[Result "0-1"]
[WhiteElo "2470"]
[BlackElo "2200"]

1.e4 g6 2.d4 Bg7 3.Nf3 d6 4.Be2 Nf6 5.Nc3 O-O 6.O-O c6 7.a4 Qc7 8.a5 e5 9.dxe5 dxe5
10.Bc4 Nbd7 11.b4 Nh5 12.g3 b5 13.Ba2 Ndf6 14.Be3 Bg4 15.Qe2 h6 16.Rfd1 Nh7
17.h4 g5 18.hxg5 Nf4 19.gxf4 exf4 20.Bc5 Nxg5 21.Rd3 Rfd8 22.Rad1 Nxf3+ 23.Rxf3 Bxc3
24.Rg3 fxg3 25.Qxg4+ Kh8 26.Rxd8+ Rxd8 27.Qf3 gxf2+ 28.Bxf2 Bg7 29.Qxf7 Qxf7
30.Bxf7 Bd4  0-1

[Event "Lone Pine"]
[Site "Lone Pine"]
[Date "1975.??.??"]
[Round "3"]
[White "Rohde, Michael A"]
[Black "Suttles, Duncan"]
[Result "0-1"]
[WhiteElo "2200"]
[BlackElo "2440"]

1.e4 g6 2.d4 d6 3.c4 Bg7 4.Nc3 Nd7 5.Be2 e5 6.d5 Qe7 7.Be3 a6 8.g4 Bh6 9.Bxh6 Nxh6
10.Qd2 Ng8 11.h4 h6 12.O-O-O Ndf6 13.f3 Kf8 14.Nh3 Kg7 15.Nf2 Bd7 16.Kb1 Nh7
17.Nd3 Ngf6 18.g5 hxg5 19.hxg5 Nh5 20.Rdg1 b5 21.c5 dxc5 22.Rxh5 gxh5 23.f4 exf4
24.d6 Qxd6 25.Nd5 Rhg8 26.g6 fxg6 27.N3xf4 Qe5 28.Nxh5+ Kh8 29.Nhf6 Raf8
30.Nxd7 Qxe4+ 31.Ka1 Rf2 32.Qc3+ Rg7 33.Ne5 b4 34.Bd3 bxc3 35.Bxe4 cxb2+
36.Kb1 g5 37.Ng4 Re2 38.Bc2 c6 39.Ndf6 Nxf6 40.Nxf6 Rf7 41.Ng4 Rf4 42.Kxb2 Rc4
43.Rh1+ Kg8 44.Ne3 Rb4+ 45.Kc1 Rxe3 46.Bb3+ c4  0-1

[Event "Lone Pine"]
[Site "Lone Pine"]
[Date "1975.??.??"]
[Round "4"]
[White "Pilnik, Herman"]
[Black "Rohde, Michael A"]
[Result "1/2-1/2"]
[WhiteElo "2435"]
[BlackElo "2200"]

1.e4 g6 2.d4 Bg7 3.Nc3 d6 4.Be3 a6 5.Qd2 b5 6.a4 b4 7.Nd1 Nf6 8.f3 O-O 9.Qxb4 c5
10.dxc5 Nc6 11.Qd2 d5 12.exd5 Nxd5 13.Bf2 Bf5 14.c3 Ra7 15.g4 Na5 16.gxf5 Nb3
17.Qc2 Nxa1 18.Qb1 Nb3 19.Qc2 Rb7 20.Bxa6 Na1 21.Qd2 Nb3 22.Qd3 Rc7 23.fxg6 hxg6
24.Ne2 Nxc5 25.Bxc5 Rxc5 26.Bb5 e6 27.Nf2 Qh4 28.Qe4 Qe7 29.O-O f5 30.Qd3 Qh4
31.Bd7 Qe7 32.Bb5 Be5 33.Nh3 Rd8 34.Nd4 Nxc3 35.bxc3 Rxc3 36.Qe2 Bxd4+ 37.Kh1 Re3
38.Qg2 Qf6 39.Nf4 Kf7 40.Bc4 Bc3 41.Rg1 g5 42.Nh3 Rg8 43.Nxg5+ Ke7 44.f4 Re4
45.Nxe4 Rxg2 46.Nxf6 Rxg1+ 47.Kxg1 Kxf6 48.Kg2 e5 49.fxe5+ Kxe5 50.Kf3 f4
51.h4 Bd2 52.Bd3  1/2-1/2

[Event "Lone Pine"]
[Site "Lone Pine"]
[Date "1975.??.??"]
[Round "5"]
[White "Rohde, Michael A"]
[Black "Day, Lawrence A"]
[Result "0-1"]
[WhiteElo "2200"]
[BlackElo "2335"]

1.e4 e5 2.Nf3 Nc6 3.Bb5 Nf6 4.O-O d6 5.d4 Bd7 6.Re1 Be7 7.d5 Nb8 8.Bxd7+ Nbxd7
9.c4 h6 10.Nbd2 O-O 11.Nf1 Kh7 12.Ng3 Ng8 13.Be3 g6 14.b4 Qe8 15.Qc2 b6 16.Rac1 a5
17.a3 f6 18.h4 h5 19.Bd2 a4 20.Ne2 Kh8 21.Nc3 Nb8 22.Be3 Qd7 23.Nb5 Rf7 24.Qe2 Na6
25.Qd1 Nb8 26.Nh2 f5 27.exf5 gxf5 28.Bg5 Bf8 29.f4 c6 30.Nc3 e4 31.Qxh5+ Rh7
32.Qd1 c5 33.bxc5 bxc5 34.Nb5 Bg7 35.g4 Nh6 36.gxf5 Nxf5 37.Rxe4 Qf7 38.Qg4 Nd7
39.Rce1 Nb6 40.Nc7 Rg8 41.Nf3 Nh6 42.Qg2 Qxc7 43.Re7 Qc8 44.R1e6 Qf8 45.Re8 Qxe8
46.Rxe8 Rxe8 47.Qc2 Rf8 48.Qe4 Nf5 49.Bd8 Nxc4 50.Qxc4 Rxd8 51.Qxa4 Nxh4
52.Ng5 Bd4+ 53.Kf1 Rg7 54.Ne6 Rg1+ 55.Ke2 Rg2+ 56.Kd3 Rg3+ 57.Kc2 Rc3+ 58.Kd1 Rg8
59.Nxd4 Rd3+ 60.Kc2 Rxd4 61.Qd7 Rg2+ 62.Kc3 Rg3+ 63.Kc2 Rxf4 64.Qd8+ Kg7
65.Kd2 Nf5 66.Qd7+ Kg6 67.Qe8+ Kg5 68.Qg8+ Kh5 69.Qh7+ Kg4 70.Qg6+ Kf3 71.Qh5+ Kg2
72.Qe8 Rf2+ 73.Kd1 Rd3+ 74.Kc1 Re3 75.Qg6+ Kf1 76.Qg1+ Kxg1 77.Kd1 Rxa3  0-1

[Event "Lone Pine"]
[Site "Lone Pine"]
[Date "1975.??.??"]
[Round "7"]
[White "Barnes, Craig N"]
[Black "Rohde, Michael A"]
[Result "1-0"]
[WhiteElo "2200"]
[BlackElo "2200"]

1.e4 g6 2.Nc3 Bg7 3.f4 c6 4.d4 d6 5.Nf3 Bg4 6.Be3 Qb6 7.Qd2 Bxf3 8.gxf3 Nd7
9.O-O-O Qa5 10.Kb1 b5 11.e5 d5 12.h4 e6 13.h5 Nh6 14.Nxb5 Qxd2 15.Nd6+ Ke7
16.Bxd2 Nf5 17.Bb4 Nxd6 18.Bxd6+ Ke8 19.Ba6 Bf8 20.Bb7 Bxd6 21.Bxa8 Bc7 22.Bxc6 Ke7
23.Bxd7 Kxd7 24.hxg6 fxg6 25.Rdg1  1-0

[Event "Lone Pine"]
[Site "Lone Pine"]
[Date "1975.??.??"]
[Round "9"]
[White "Rohde, Michael A"]
[Black "Karklins, Andrew"]
[Result "1-0"]
[WhiteElo "2200"]
[BlackElo "2395"]

1.e4 e5 2.Nf3 Nc6 3.Bb5 a6 4.Ba4 Nf6 5.O-O Be7 6.d4 exd4 7.Re1 O-O 8.e5 Ne8
9.c3 d5 10.cxd4 Bg4 11.Bxc6 bxc6 12.h3 Bh5 13.Nc3 Kh8 14.Na4 f6 15.e6 g5
16.Bd2 Ng7 17.Rc1 Bd6 18.Rxc6 Qe8 19.Rxd6 cxd6 20.Nb6 Ra7 21.Nd7 Rxd7 22.exd7 Qxd7
23.Qb3 Qb5 24.Qxb5 axb5 25.g4 Bg6 26.Re7 Rc8 27.Rb7 Ne6 28.Be3 Bb1 29.a3 Bd3
30.Ne1 Bc4 31.Re7 Ng7 32.Rd7 Re8 33.Rf7 f5 34.gxf5 Kg8 35.Rf6 Rf8 36.Rxf8+ Kxf8
37.Bxg5 Nxf5 38.Be3 Kf7 39.Nf3 Kf6 40.Nd2 Bd3 41.Kg2 Be2 42.Nb1 Bc4 43.Nc3 Ke6
44.Kf3 Kf6 45.Kg4 Ke6 46.Kg5 Bd3 47.b3 Ne7 48.h4 Nc6 49.b4 Ne7 50.h5 Nf5
51.a4 bxa4 52.Nxa4 h6+ 53.Kf4 Be2 54.f3 Bb5 55.Nc3 Be8 56.b5 Bxh5 57.b6 Ne7
58.Nb5 Kd7 59.b7 Nc6 60.Kg3 Nb8 61.Bf4 Kc6 62.Nxd6 Bg6 63.Be5 Bd3 64.f4 Ba6
65.f5 Nd7 66.f6 Kc7 67.f7  1-0

[Event "Lone Pine"]
[Site "Lone Pine"]
[Date "1975.??.??"]
[Round "10"]
[White "Levy, David Neil Lawrence"]
[Black "Rohde, Michael A"]
[Result "1-0"]
[WhiteElo "2325"]
[BlackElo "2200"]

1.e4 g6 2.d4 Bg7 3.Nc3 c6 4.f4 d5 5.e5 h5 6.Nf3 Bf5 7.Be3 Nh6 8.Be2 Na6 9.Qd2 Nc7
10.h3 b5 11.Bf2 a5 12.Nh4 Ne6 13.Bf3 Rc8 14.Nxf5 Nxf5 15.g4 hxg4 16.hxg4 Rxh1+
17.Bxh1 Nh6 18.Bf3 f5 19.g5 Nf7 20.a4 b4 21.Ne2 Qb6 22.Nc1 Nc7 23.Nb3 e6
24.Be2 Bf8 25.Qd3 Nd8 26.Qh3 Kf7 27.Qh7+ Bg7 28.Nc5 Ne8 29.Nd7 Qc7 30.Nf6  1-0

[Event "Lone Pine"]
[Site "Lone Pine"]
[Date "1976.??.??"]
[Round "1"]
[White "Rohde, Michael A"]
[Black "Fedorowicz, John P"]
[Result "0-1"]
[WhiteElo "2360"]
[BlackElo "2200"]

1.Nf3 g6 2.e4 Bg7 3.d4 d6 4.c3 Nf6 5.Bd3 O-O 6.O-O Nc6 7.Nbd2 e5 8.dxe5 dxe5
9.Nc4 Nh5 10.Ne3 Nf4 11.Bb5 a6 12.Bxc6 bxc6 13.Qa4 Qf6 14.Nd2 a5 15.Ndc4 Ba6
16.Bd2 Qe6 17.b3 Rfd8 18.Qa3 Nd3 19.Nxa5 Nf4 20.Be1 Bxf1 21.Kxf1 Bf8 22.b4 c5
23.Qb3 Qxb3 24.Nxb3 cxb4 25.cxb4 Nd3 26.a3 Nxe1 27.Kxe1 Rxa3 28.Rxa3 Bxb4+
29.Ke2 Bxa3 30.Nc4 Bd6 31.Nba5 f6 32.f3 Kf7 33.Ne3 Ra8 34.Nac4 Ra2+ 35.Kd3 Bc5  0-1

[Event "Lone Pine"]
[Site "Lone Pine"]
[Date "1976.??.??"]
[Round "3"]
[White "Rohde, Michael A"]
[Black "Meyers, SJ."]
[Result "1/2-1/2"]
[WhiteElo "2360"]
[BlackElo "2200"]

1.b3 e5 2.Bb2 Nc6 3.e3 d5 4.Bb5 Bd6 5.c4 a6 6.Bxc6+ bxc6 7.c5 Bxc5 8.Bxe5 f6
9.Bb2 Ne7 10.Qh5+ Ng6 11.Ne2 O-O 12.f4 Qe8 13.Nbc3 Ne5 14.Qxe8 Nd3+ 15.Kf1 Rxe8
16.Na4 Bd6 17.Bc3 a5 18.Nb2 Ba6 19.Nxd3 Bxd3 20.Kf2 c5 21.Nc1 Bc2 22.d3 a4
23.bxa4 Rxa4 24.Re1 d4 25.exd4 Rxe1 26.Kxe1 cxd4 27.Kd2 dxc3+ 28.Kxc2 Bxf4
29.Nb3 Bxh2 30.Kxc3 Bd6 31.d4 Kf7 32.Nc5 Bxc5 33.dxc5 Ke6 34.Kb3 Re4 35.Rd1 Re3+
36.Kc4 Re2 37.a4 Rxg2 38.Kb5 Ra2 39.Re1+ Kf7 40.c6 Rb2+ 41.Kc5 Rc2+ 42.Kb5 Rb2+
43.Kc5 Rb8 44.Rd1 Ra8 45.Kb5 Ra7 46.Rd8 f5 47.Rb8 f4 48.Rb7 f3 49.Rxa7 f2
50.Rxc7+ Kg6 51.Kb6 f1=Q 52.a5 Qb1+ 53.Ka7 Qb5 54.a6 Qc5+  1/2-1/2

[Event "Lone Pine"]
[Site "Lone Pine"]
[Date "1976.??.??"]
[Round "4"]
[White "Taylor, Timothy"]
[Black "Rohde, Michael A"]
[Result "0-1"]
[WhiteElo "2200"]
[BlackElo "2360"]

1.e4 c6 2.d4 d5 3.exd5 cxd5 4.c4 Nf6 5.Nc3 e6 6.Nf3 Be7 7.Bd3 O-O 8.O-O dxc4
9.Bxc4 a6 10.a3 b5 11.Ba2 Bb7 12.Qd3 Nbd7 13.Rd1 Rc8 14.Bg5 Nb6 15.Ne5 Nfd5
16.Bb1 f5 17.Bd2 Nc4 18.Nxc4 bxc4 19.Qe2 Rf6 20.f3 Nxc3 21.bxc3 Bd5 22.Bg5 Rf7
23.Bxe7 Qxe7 24.Re1 Qh4 25.Bc2 g5 26.Rab1 g4 27.fxg4 Rg7 28.Qe5 Qxg4 29.Re2 h5
30.Rf1 Qxg2+ 31.Rxg2 Rxg2+ 32.Kh1 Rxc2+ 33.Rf3 Bxf3+ 34.Kg1 Kf7 35.Qd6 Rg8+
36.Kf1 Bg2+ 37.Ke1 Bc6 38.Qc7+ Kf6 39.Qe5+ Ke7 40.Qc7+ Bd7 41.Kf1 Rxc3 42.d5 Rc1+
43.Kf2 exd5 44.Qc5+ Kf6 45.Qd4+ Kg6 46.Qxd5 Rc2+ 47.Kf3 Rg7 48.Qd6+ Kh7 49.Qxa6 c3
50.Qd3 Rxh2 51.Qd1 Rd2 52.Qe1 Bc6+ 53.Kf4 Rg4+ 54.Kxf5 Rd5+  0-1

[Event "Lone Pine"]
[Site "Lone Pine"]
[Date "1976.??.??"]
[Round "5"]
[White "Rohde, Michael A"]
[Black "Henley, Ron W"]
[Result "0-1"]
[WhiteElo "2360"]
[BlackElo "2200"]

1.e4 c6 2.d4 d5 3.exd5 cxd5 4.c4 Nf6 5.Nc3 g6 6.Nf3 Bg7 7.h3 O-O 8.Bf4 Nc6
9.a3 Bf5 10.c5 Ne4 11.Na4 e5 12.Nxe5 Qa5+ 13.b4 Nxb4 14.axb4 Qxb4+ 15.Ke2 Rae8
16.Kf3 f6 17.Nd3 Qxd4 18.Be3 Ng5+ 19.Kg3 Rxe3+ 20.fxe3 Qxe3+ 21.Kh2 Bxd3
22.Bxd3 Qf4+ 23.Kg1 f5 24.Rh2 Qd4+ 25.Kf1 Qf4+ 26.Kg1 Be5 27.g3 Qxg3+ 28.Rg2 Qe3+
29.Kf1 Bxa1  0-1

[Event "Lone Pine"]
[Site "Lone Pine"]
[Date "1976.??.??"]
[Round "6"]
[White "Barnes, Craig N"]
[Black "Rohde, Michael A"]
[Result "0-1"]
[WhiteElo "2280"]
[BlackElo "2360"]

1.e4 c6 2.Nc3 d5 3.d4 dxe4 4.Nxe4 Nf6 5.Nxf6+ gxf6 6.Bc4 Bf5 7.c3 e6 8.Ne2 h5
9.h4 Bd6 10.Bf4 Be4 11.f3 Bd5 12.Bd3 e5 13.Be3 Rg8 14.Kf1 Na6 15.Qc2 Nc7
16.Rd1 Qe7 17.c4 Be6 18.Bf2 exd4 19.Bxd4 O-O-O 20.Bxa7 Bc5 21.Bxc5 Qxc5 22.b3 Na6
23.Nc3 Nb4 24.Ne4 Qd4 25.Qf2 Nxd3 26.Qxd4 Rxd4 27.Nxf6 Rgd8 28.g3 Nb4 29.Rxd4 Rxd4
30.Ke2 Nxa2 31.Nxh5 b5 32.Ra1 Nb4 33.Nf4 bxc4 34.Nxe6 fxe6 35.bxc4 Rxc4 36.Ra8+ Kd7
37.h5 Rc2+ 38.Ke3 Nd5+ 39.Ke4 Re2+ 40.Kd3 Re3+ 41.Kd2 Rxf3 42.h6 Rf2+ 43.Kd3 Rh2
44.Rh8 Rh3 45.Kd4 Rxg3 46.h7 Rh3 47.Kc5 Rh5 48.Rb8 Nf6+ 49.Kb4 Rb5+  0-1

[Event "Lone Pine"]
[Site "Lone Pine"]
[Date "1977.??.??"]
[Round "1"]
[White "Szabo, Laszlo"]
[Black "Rohde, Michael A"]
[Result "0-1"]
[WhiteElo "2530"]
[BlackElo "2380"]

1.c4 e6 2.g3 Nf6 3.Bg2 d5 4.Nf3 Be7 5.O-O O-O 6.b3 d4 7.e3 c5 8.exd4 cxd4
9.d3 Nc6 10.Re1 Re8 11.a3 a5 12.Bf4 Bd6 13.Ne5 Nxe5 14.Bxe5 Bxe5 15.Rxe5 Qc7
16.Re1 e5 17.Nd2 Bd7 18.b4 Bc6 19.Bxc6 bxc6 20.Qf3 Qd6 21.Rab1 axb4 22.axb4 Ra2
23.Re2 Qe6 24.Ne4 Nxe4 25.Rxe4 f5 26.Rh4 e4 27.Qh5 h6 28.Rf4 e3 29.Qxf5 Qxf5
30.Rxf5 e2 31.Re1 Rd2 32.f3 Rxd3 33.Kf2 Rd2 34.Rc5 Re6 35.b5 cxb5 36.cxb5 d3
37.Rd5 Kf8 38.Rd7 Rd1 39.f4 Ke8 40.Rd5 Ke7 41.g4 Rd6  0-1

[Event "Lone Pine"]
[Site "Lone Pine"]
[Date "1977.??.??"]
[Round "2"]
[White "Rohde, Michael A"]
[Black "Panno, Oscar"]
[Result "1/2-1/2"]
[WhiteElo "2380"]
[BlackElo "2550"]

1.e4 c5 2.Nf3 b6 3.d4 cxd4 4.Nxd4 Bb7 5.Nc3 a6 6.Bd3 g6 7.Be3 d6 8.h4 Nf6
9.h5 Bg7 10.g4 Nc6 11.h6 Bf8 12.g5 Nd7 13.Nxc6 Bxc6 14.Qe2 Bb7 15.f4 e6 16.O-O-O Be7
17.Rhf1 O-O 18.Qd2 b5 19.f5 Re8 20.fxe6 fxe6 21.Ne2 Ne5 22.Nd4 Qd7 23.Nf3 Nxf3
24.Rxf3 Rac8 25.Rdf1 Rf8 26.Rxf8+ Rxf8 27.Rxf8+ Bxf8 28.Bd4  1/2-1/2

[Event "Lone Pine"]
[Site "Lone Pine"]
[Date "1977.??.??"]
[Round "4"]
[White "Weinstein, Norman"]
[Black "Rohde, Michael A"]
[Result "1-0"]
[WhiteElo "2475"]
[BlackElo "2380"]

1.e4 e6 2.d4 d5 3.Nd2 c5 4.Ngf3 Nc6 5.exd5 exd5 6.Bb5 Bd6 7.dxc5 Bxc5 8.O-O Ne7
9.Nb3 Bd6 10.Bg5 O-O 11.c3 Qc7 12.Bh4 Nf5 13.Bg3 Nxg3 14.hxg3 Qb6 15.Bd3 g6
16.Qd2 Ne5 17.Nxe5 Bxe5 18.Qg5 Qf6 19.Qxf6 Bxf6 20.Be2 Bf5 21.Bf3 Rad8 22.Rfd1 Rfe8
23.Kf1 Be4 24.Bxe4 dxe4 25.Rxd8 Bxd8 26.Rd1 Bg5 27.Rd7 Re7 28.Rxe7 Bxe7 29.Na5 b5
30.Nc6 Bc5 31.b4 Bb6 32.Ne7+ Kf8 33.Nc8 f5 34.Ke2 h5 35.Nxb6 axb6 36.Ke3 Ke7
37.Kd4 Kd6 38.c4 bxc4 39.a4 g5 40.Kxc4 h4 41.gxh4 gxh4 42.Kd4 Ke6 43.a5 bxa5
44.bxa5 Kd6 45.a6 Kc6 46.Ke5 Kb6 47.Kxf5 Kxa6 48.Kxe4  1-0

[Event "Lone Pine"]
[Site "Lone Pine"]
[Date "1977.??.??"]
[Round "5"]
[White "Henley, Ron W"]
[Black "Rohde, Michael A"]
[Result "1/2-1/2"]
[WhiteElo "2200"]
[BlackElo "2380"]

1.d4 Nf6 2.c4 e6 3.Nf3 d5 4.Nc3 Bb4 5.Qa4+ Nc6 6.Ne5 O-O 7.Nxc6 Bxc3+ 8.bxc3 bxc6
9.e3 Ne4 10.Bd3 f5 11.O-O Nxc3 12.Qxc6 Bd7 13.Qa6 Rf6 14.f3 c5  1/2-1/2

[Event "Lone Pine"]
[Site "Lone Pine"]
[Date "1977.??.??"]
[Round "7"]
[White "Tarjan, James Edward"]
[Black "Rohde, Michael A"]
[Result "1/2-1/2"]
[WhiteElo "2495"]
[BlackElo "2380"]

1.d4 Nf6 2.c4 e6 3.Nc3 Bb4 4.e3 O-O 5.Bd3 c5 6.Nf3 d5 7.O-O Nc6 8.a3 Bxc3
9.bxc3 dxc4 10.Bxc4 Qc7 11.h3 b6 12.a4 e5 13.Ba3 e4 14.Nd2 Re8 15.f3 Na5
16.Ba2 Be6 17.Nxe4 Nxe4 18.fxe4 Bxa2 19.Rxa2 Rxe4 20.Raf2 f6 21.dxc5 Rae8
22.Qd5+ Qf7 23.Qxf7+ Kxf7 24.cxb6 axb6 25.Bb4 Rd8 26.Rf5 Rxe3  1/2-1/2

[Event "Lone Pine"]
[Site "Lone Pine"]
[Date "1977.??.??"]
[Round "8"]
[White "Rohde, Michael A"]
[Black "Evans, Larry Melvyn"]
[Result "1-0"]
[WhiteElo "2380"]
[BlackElo "2555"]

1.e4 c5 2.Nf3 d6 3.d4 cxd4 4.Nxd4 Nf6 5.Nc3 e6 6.g4 a6 7.g5 Nfd7 8.Be3 b5
9.f4 b4 10.Nce2 Bb7 11.Bg2 Nc5 12.Ng3 Nbd7 13.a3 a5 14.O-O Qb6 15.axb4 axb4
16.Rxa8+ Bxa8 17.f5 e5 18.Nb3 Bc6 19.Qd2 Nxb3 20.cxb3 Nc5 21.f6 g6 22.Rc1 h6
23.Rc4 hxg5 24.Rxb4 Qd8 25.Qc3 Kd7 26.Bf1 Qxf6 27.Rb6 Qd8 28.Rxc6 Kxc6 29.b4 f6
30.bxc5 dxc5 31.Qc4 Qb6 32.Qf7 Bd6 33.Bc4 Rd8 34.Bd5+ Kb5 35.Qxf6 Qa5 36.b4 Qa1+
37.Kg2 Qb2+ 38.Kh3 Rd7 39.bxc5 Rh7+ 40.Kg4 Qc3 41.Nf1 Qc2 42.Qxd6 Qe2+ 43.Kg3 Rh3+
44.Kxh3 Qxf1+ 45.Kg3  1-0

[Event "Lone Pine"]
[Site "Lone Pine"]
[Date "1977.??.??"]
[Round "9"]
[White "Rohde, Michael A"]
[Black "Quinteros, Miguel A"]
[Result "1/2-1/2"]
[WhiteElo "2380"]
[BlackElo "2555"]

1.d4 Nf6 2.c4 g6 3.Nc3 Bg7 4.Bg5 h6 5.Bh4 g5 6.Bg3 Nh5 7.Be5 Bxe5 8.dxe5 Nc6
9.e3 Ng7 10.h4 gxh4 11.Nf3 h3 12.gxh3 d6 13.exd6 cxd6 14.Qd2 Bd7 15.Nd5 Nh5
16.Qc3 Rf8 17.Be2 e6 18.Nd2 exd5 19.Bxh5 Qh4 20.Bf3 d4 21.exd4 Nxd4 22.Bxb7 Rb8
23.Ne4 f5 24.Nxd6+ Ke7 25.Qe3+ Ne6 26.O-O-O Rxb7 27.Nxb7 Qxc4+ 28.Kb1 Qe4+
29.Qxe4 fxe4 30.Rhe1 Bc6 31.Nd6 Rf4 32.Nc8+ Kf6 33.Nxa7 Ba8 34.Nb5 Ke5 35.Rd6 Bd5
36.Rb6 Bc4 37.a4 Rxf2 38.Nc3 Bd3+ 39.Ka2 Nd4 40.Rb8 Bc4+ 41.Kb1 Bd3+ 42.Ka2 Bc4+
43.Kb1 Bd3+ 44.Kc1 Rc2+ 45.Kd1 Rh2 46.a5 Nf3 47.Re8+ Kd4 48.Rd8+ Kc4 49.Rxe4+ Bxe4
50.Nxe4 Rxh3 51.Nd2+  1/2-1/2

[Event "Marshall CC"]
[Site "New York"]
[Date "1977.??.??"]
[Round "?"]
[White "Bisguier, Arthur Bernard"]
[Black "Rohde, Michael A"]
[Result "0-1"]
[WhiteElo "2440"]
[BlackElo "2380"]

1.e4 c5 2.f4 Nc6 3.Nf3 g6 4.Bb5 Bg7 5.Bxc6 bxc6 6.d3 Rb8 7.Nc3 Nf6 8.O-O O-O
9.Qe1 d5 10.e5 Ne8 11.Na4 c4 12.dxc4 dxc4 13.Be3 Nc7 14.b3 Nd5 15.Bxa7 Ra8
16.Be3 Rxa4 17.bxa4 c3 18.Nd4 Qa5 19.Nb3 Qxa4 20.Rd1 Bf5 21.Rf2 Ra8 22.h3 Qc4
23.Rd4 Qb5 24.g4 Bc8 25.Qe2 e6 26.a4 Rxa4 27.Rxa4 Qxa4 28.Nc5 Qb4 29.Qd3 Bf8
30.Ne4 Ba6 31.Nf6+ Nxf6 32.Qxa6 Nd5 33.Ba7 c5 34.Qf1 Qd4 35.Bb8 Nxf4 36.Bd6 Bh6
37.Kh2 g5 38.Rf3 Bg7 39.Qe1 Nd5 40.Rd3 Qf4+ 41.Qg3 Qe4 42.Rxc3 Nxc3 43.Qxc3 c4
44.Kg3 h6 45.Kf2 Kh7 46.Kf1 Kg6 47.Kf2 f6 48.exf6 Bxf6 49.Qd2 Bd4+ 50.Kg3 e5
51.Bb4 Kf6 52.c3 Qf4+ 53.Qxf4+ exf4+ 54.Kf3 Be5 55.Ke4 Ke6 56.Ba5 Bh8 57.Bb4 Bg7
58.h4 gxh4 59.Kxf4 Be5+ 60.Kf3 h3 61.Bf8 h2 62.Kg2 Bf4 63.Bg7 Kf7 64.Bd4 Kg6
65.Bc5 Kg5 66.Be7+ Kxg4 67.Kh1 Be5 68.Bf8 h5 69.Bb4 Kf5 70.Kg2 Ke4 71.Kh1 Kd3
72.Ba5 Bxc3 73.Bd8 Be5 74.Ba5 Bf4 75.Kg2 Bd2 76.Bc7 c3 77.Be5 c2 78.Bb2 Kc4  0-1

[Event "Marshall CC"]
[Site "New York"]
[Date "1977.??.??"]
[Round "?"]
[White "Biyiasas, Peter"]
[Black "Rohde, Michael A"]
[Result "1-0"]
[WhiteElo "2435"]
[BlackElo "2380"]

1.c4 g6 2.Nc3 Bg7 3.e4 c5 4.g3 Nc6 5.Bg2 e6 6.d3 Nge7 7.Nge2 O-O 8.O-O a6
9.Bg5 Rb8 10.Rc1 b5 11.b3 h6 12.Be3 Nd4 13.Qd2 Kh7 14.f4 b4 15.Na4 Nxe2+
16.Qxe2 d6 17.Qf2 Nc6 18.e5 Nd4 19.Bxd4 cxd4 20.exd6 Qxd6 21.c5 Qc7 22.Nb6 Rxb6
23.cxb6 Qxb6 24.Rc6 Qb8 25.Rfc1 e5 26.Rc7 Be6 27.Be4 exf4 28.Qxf4 a5 29.R1c5 a4
30.Bd5 Bxd5 31.Rxd5 axb3 32.axb3 Qe8 33.Rdd7 Kg8 34.Re7 Qa8 35.Rxf7 Qa1+
36.Kg2 Qb2+ 37.Kh3  1-0

[Event "Marshall CC"]
[Site "New York"]
[Date "1977.??.??"]
[Round "?"]
[White "Mednis, Edmar John"]
[Black "Rohde, Michael A"]
[Result "1/2-1/2"]
[WhiteElo "2430"]
[BlackElo "2380"]

1.e4 c6 2.d4 d5 3.Nd2 dxe4 4.Nxe4 Nf6 5.Nxf6+ gxf6 6.c3 Bf5 7.Ne2 Nd7 8.Ng3 Bg6
9.Be2 Qa5 10.Bd2 e6 11.a3 Bd6 12.b4 Qc7 13.c4 f5 14.Bf3 Nf6 15.c5 Be7 16.h4 h5
17.Ne2 Ne4 18.Bf4 Qd7 19.Be5 f6  1/2-1/2

[Event "Marshall CC"]
[Site "New York"]
[Date "1977.??.??"]
[Round "?"]
[White "Rohde, Michael A"]
[Black "Fedorowicz, John P"]
[Result "1/2-1/2"]
[WhiteElo "2380"]
[BlackElo "2440"]

1.d4 Nf6 2.Nf3 g6 3.c4 Bg7 4.Nc3 O-O 5.Bg5 d6 6.e3 Nbd7 7.Be2 h6 8.Bh4 c6
9.Qc2 e5 10.O-O g5 11.Bg3 Nh5 12.Rad1 Qe7 13.b4 f5 14.dxe5 dxe5 15.c5 Nxg3
16.hxg3 e4 17.Nd4 Ne5 18.g4 Nxg4 19.Bxg4 fxg4 20.Nxe4 Qe5 21.Ng3 a5 22.b5 cxb5
23.Qb3+ Kh8 24.Qxb5 Ra6 25.e4 a4 26.Ndf5 Qb2 27.Qd3 Be5 28.Rd2 Qc3 29.Qd5 Be6
30.Qxb7 Qxd2 31.Qxa6 Qxa2 32.Qa7 Rf7 33.Qa8+ Kh7 34.Qe8 a3 35.Ne7 Rg7 36.Nh5 Bf7
37.Qd7 Qe6 38.c6 a2 39.Nxg7 Bxg7 40.Qxe6 Bxe6 41.c7 a1=Q 42.Rxa1 Bxa1 43.c8=Q Bxc8
44.Nxc8 Bd4 45.g3 Bc5 46.e5 Kg6 47.Nd6 Bxd6 48.exd6 Kf6 49.Kg2 Ke6 50.f3 h5
51.fxg4 hxg4 52.Kf2 Kxd6 53.Ke2  1/2-1/2

[Event "Marshall CC"]
[Site "New York"]
[Date "1977.??.??"]
[Round "?"]
[White "Rohde, Michael A"]
[Black "Feuerstein, Arthur William"]
[Result "1-0"]
[WhiteElo "2380"]
[BlackElo "2365"]

1.e4 d6 2.d4 Nf6 3.Nc3 g6 4.Nf3 Bg7 5.Be2 O-O 6.O-O c6 7.h3 Nbd7 8.a4 a5
9.Re1 Qc7 10.Be3 h6 11.Qd2 Kh7 12.Rad1 c5 13.d5 Ne8 14.Bf4 Qb6 15.Bd3 Ne5
16.Nxe5 dxe5 17.Be3 Bd7 18.Kh1 Nd6 19.f4 f6 20.Rf1 Rad8 21.f5 g5 22.h4 Rh8
23.Be2 Be8 24.g3 Qb4 25.Qd3 Bf7 26.Kg1 Kg8 27.Ra1 Be8 28.Kf2 Qxb2 29.Kg2 Qb6
30.Rfb1 Qc7 31.Qd2 Rb8 32.Rb2 Kh7 33.Rab1 Bd7 34.Bb5 Bc8 35.Qe2 Rf8 36.Qh5 Kg8
37.Rh1 Nxb5 38.Rxb5 Qd8 39.Bxc5 Bd7 40.Bb6 Qe8 41.Qxe8 Rfxe8 42.Rxa5 Rec8
43.Rc5 Bf8 44.Rb1 Rxc5 45.Bxc5 Rc8 46.Bb4 gxh4 47.gxh4 h5 48.Ba5 Ra8 49.Rxb7 Bxa4
50.Nxa4 Rxa5 51.Nb6 Ra2 52.Rc7 Ra6 53.Nc8 Kf7 54.d6 Ke8 55.d7+ Kd8 56.Rb7 Rc6
57.Nb6 Rxc2+ 58.Kf1 Rd2 59.Rb8+ Kc7 60.Rxf8 Rd6 61.Rc8+  1-0

[Event "Marshall CC"]
[Site "New York"]
[Date "1977.??.??"]
[Round "?"]
[White "Rohde, Michael A"]
[Black "Stean, Michael"]
[Result "0-1"]
[WhiteElo "2380"]
[BlackElo "2485"]

1.e4 c5 2.Nf3 e6 3.d4 cxd4 4.Nxd4 Nf6 5.Nc3 d6 6.Be2 Be7 7.O-O a6 8.f4 O-O
9.Be3 Qc7 10.Qe1 b5 11.a3 Bb7 12.Bf3 Nbd7 13.Qg3 Nc5 14.f5 e5 15.Nb3 Na4
16.Nd5 Bxd5 17.exd5 Kh8 18.Bg5 Nxb2 19.Nd2 Rac8 20.Qh4 Nxd5 21.Ne4 Bxg5 22.Nxg5 Nf6
23.Nxh7 Nxh7 24.f6 d5 25.Bg4 Qb6+ 26.Kh1 Rc6 27.Bf5 g6 28.Rf3 Rc4 29.Be4 Rc3
30.Qh6 Rg8 31.Bd3 Qe6 32.Rh3 Qxh3 33.gxh3 e4 34.Re1 Rc6 35.Bxe4 dxe4 36.Rxe4 g5
37.Qh5 Rxf6 38.Re7 Kg7 39.Qe2  0-1

[Event "Marshall CC"]
[Site "New York"]
[Date "1977.??.??"]
[Round "?"]
[White "Rohde, Michael A"]
[Black "Shamkovich, Leonid"]
[Result "1/2-1/2"]
[WhiteElo "2380"]
[BlackElo "2485"]

1.e4 e5 2.Nf3 Nc6 3.Bb5 a6 4.Ba4 Nf6 5.O-O Be7 6.Re1 b5 7.Bb3 d6 8.c3 O-O
9.h3 Nb8 10.d4 Nbd7 11.Nbd2 Bb7 12.Bc2 Re8 13.b4 Bf8 14.a4 d5 15.dxe5 Nxe4
16.Nxe4 dxe4 17.Bg5 f6 18.Bxe4 Bxe4 19.Rxe4 Nxe5 20.Qb3+ Nc4 21.Rxe8 Qxe8
22.Bf4 c6 23.Nd2 Qe6 24.axb5 cxb5 25.Nxc4 bxc4 26.Qa4 g5 27.Be3 Bd6 28.b5 a5
29.b6 Be5 30.Qb5 Rd8 31.b7 Qd5 32.Qxd5+ Rxd5 33.Bd4 Bb8 34.Bxf6 Kf7 35.Bd4 Rb5
36.g3 Ke6 37.Ra4 Kd5 38.Bf6 g4 39.Bd8 h5 40.Rxa5 Rxa5 41.Bxa5 Kc6 42.Kg2 Kxb7
43.hxg4 hxg4 44.f3 gxf3+ 45.Kxf3 Kc6 46.g4 Kd5 47.g5 Be5 48.g6 Ke6 49.Kg4 Kf6
50.Kh5 Kg7 51.Kg5 Kg8 52.Kf5 Bh8 53.Ke4 Bf6 54.Bb4 Bg7 55.Kd5 Bf6 56.Ke6 Bg7
57.Kf5 Bh8 58.Kf4 Bf6 59.Kf5 Bg7 60.Ke6 Bh8  1/2-1/2

[Event "Alicante"]
[Site "Alicante"]
[Date "1978.??.??"]
[Round "2"]
[White "Ermenkov, Evgenij"]
[Black "Rohde, Michael A"]
[Result "1/2-1/2"]
[WhiteElo "2520"]
[BlackElo "2425"]

1.e4 e6 2.d4 d5 3.Nd2 c5 4.exd5 exd5 5.Bb5+ Nc6 6.Ne2 Bd6 7.dxc5 Bxc5 8.Nb3 Bb6
9.O-O Ne7 10.Bf4 O-O 11.Qd2 Ng6 12.Rad1 a6 13.Bd3 Re8  1/2-1/2

[Event "Alicante"]
[Site "Alicante"]
[Date "1978.??.??"]
[Round "3"]
[White "Rohde, Michael A"]
[Black "Hernando Pertierra, Jose C"]
[Result "1-0"]
[WhiteElo "2425"]
[BlackElo "2340"]

1.e4 c6 2.d4 d5 3.Nd2 dxe4 4.Nxe4 Nd7 5.Nf3 Ngf6 6.Nxf6+ Nxf6 7.Bc4 Bf5 8.O-O e6
9.h3 Bd6 10.Qe2 Qc7 11.c3 h6 12.Ne5 Bxe5 13.dxe5 Nd7 14.Re1 O-O-O 15.b4 Nb6
16.Bb3 Bd3 17.Qf3 Nc4 18.Qg3 g5 19.a4 b6 20.Ra2 Rhg8 21.f4 gxf4 22.Qxf4 b5
23.Be3 Qxe5 24.axb5 cxb5 25.Bxc4 Qxf4 26.Bxf4 Bxc4 27.Rxa7 e5 28.Rxe5 Rd1+
29.Kf2 Bd5 30.Rxd5  1-0

[Event "Alicante"]
[Site "Alicante"]
[Date "1978.??.??"]
[Round "4"]
[White "Rohde, Michael A"]
[Black "Martin Gonzalez, Angel"]
[Result "1/2-1/2"]
[WhiteElo "2425"]
[BlackElo "2390"]

1.d4 Nf6 2.c4 g6 3.Nc3 Bg7 4.Bg5 O-O 5.Nf3 d6 6.e3 Nbd7 7.Nd2 c6 8.Be2 e5
9.d5 h6 10.Bh4 Qb6 11.a3 a5 12.O-O g5 13.Bg3 Nc5 14.b4 axb4 15.axb4 Rxa1
16.Qxa1 Na6 17.dxc6 bxc6 18.c5 Qxb4 19.cxd6 Qxd6 20.Nc4 Qe6 21.Nxe5 Nd5 22.f4 Nxe3
23.Rf3 gxf4 24.Bxf4 Bxe5 25.Bxe3 Nc7 26.Qc1 Bg7 27.Rg3 Kh7 28.Bc4  1/2-1/2

[Event "Alicante"]
[Site "Alicante"]
[Date "1978.??.??"]
[Round "5"]
[White "Rodriguez Vargas, Orestes"]
[Black "Rohde, Michael A"]
[Result "1-0"]
[WhiteElo "2485"]
[BlackElo "2425"]

1.d4 Nf6 2.c4 c5 3.d5 e6 4.Nc3 exd5 5.cxd5 d6 6.e4 g6 7.f4 Bg7 8.Bb5+ Nfd7
9.a4 O-O 10.Nf3 Na6 11.O-O Nb4 12.h3 a6 13.Bc4 Re8 14.Re1 Nf8 15.Be3 Rb8
16.e5 Bf5 17.Rc1 Qd7 18.a5 Rbc8 19.Bf2 Qd8 20.g4 Bd7 21.Ne4 dxe5 22.fxe5 Qxa5
23.Nd6 b5 24.e6 fxe6 25.dxe6 Bc6 26.e7+ bxc4 27.Nxe8 Rxe8 28.Rxc4 Qa2 29.Rxc5 h6
30.Ne5 Bxe5 31.Rcxe5 Qf7 32.Qd6 Nd5 33.exf8=Q+ Rxf8 34.Bc5 Rc8 35.Rf1 Nf4
36.Rxf4  1-0